00685nam a22001697a 4500008004000000020001800040082002800058110003700086245012400123250001900247260004900266300002200315650004400337650005000381650003700431700004700468130410t2017 xxu||||| |||| 00| 0 eng d a9786074069204 a343.040702bM611fa 2017 aMéxico. Leyes, Decretos, etc.  aFisco Agenda 2017b: títulos en los artículos, referencias y correlaciones cpor C.P. Efraín Lechuga Santillán. a52a. edición aMéxico b: Ediciones Fiscales ISEFc, 2017 a[pág. varía] 14aDERECHO FISCAL x LEGISLACIONzMEXICO 24aRECAUDACION DE IMPUESTOSxLEGISLACIONzMEXICO24aIMPUESTOS xLEGISLACIONzMEXICO  aLechuga Santillán, Efraínecolaborador